| 000 | 00991nam a2200217Ii 4500 | ||
|---|---|---|---|
| 003 | JO-AjNU | ||
| 008 | 230605s9999||||xx |||||||||||||| ||und|| | ||
| 017 | _a2008/14621 | ||
| 020 | _a977-17-5712-1 | ||
| 040 |
_aJO-AjNU _bara _erda _cJO-AjNU |
||
| 041 | _aara | ||
| 050 | 1 | 4 | _aKRM1155.A22.2009 |
| 100 | 3 |
_aعبد الرحمن، عبد الرحيم عنتر, _eauthor _932045 |
|
| 245 | 0 | 0 | _aحقوق الملكية الفكرية وأثرها الاقتصادي |
| 264 | 3 | 1 | _aالاسكندرية :دار الفكرالجامعى،2009 |
| 300 |
_a545ص _bبشتمل على قائمة بالمصادر والمراجع الببلوغرافية ص (485-545) |
||
| 336 |
_atext _btxt _2rdacontent |
||
| 337 |
_aunmediated _bn _2rdamedia |
||
| 338 |
_avolume _bnc _2rdacarrier |
||
| 650 | 4 |
_aالملكية الفكرية -- مصر-- الملكية الفكرية (قانون دولي)-- الملكية الفكرية-- الملكية الفكرية -- قوانين و تشريعات _932046 |
|
| 999 |
_aA12890 _c16458 _d16458 |
||